| 000 | 00468cam a2200157 i 4500 | ||
|---|---|---|---|
| 020 | _a0805356800 | ||
| 040 | _cDLC | ||
| 082 | 0 | 0 | _a541 BEN 1978 A063 Or. |
| 100 | 1 | _aLaidler, Keith James, | |
| 245 | 1 | 0 | _aPhysical chemistry with biological applications / |
| 260 |
_aMenlo Park, Calif. : _bBenjamin/Cummings Pub. Co., _cc1978. |
||
| 300 |
_axviii, 587 p. : _bill. ; _c25 cm. |
||
| 650 | 0 | _aChemistry, Physical and theoretical. | |
| 650 | 0 | _aBiochemistry. | |
| 942 | _cEK | ||
| 999 |
_c15090 _d15090 |
||